Vántus István művészetének holisztikus megközelítése
Elmentve itt :
| Szerző: | |
|---|---|
| Dokumentumtípus: | Könyv része |
| Megjelent: |
SZTE JGYPK Művészeti Intézet Ének-zene Tanszék
Szeged
2011
|
| Sorozat: | A Juhász Gyula Pedagógusképző Kar Ének-Zene Tanszékének kiadványai
Chopin - Schumann - Erkel : tanulmánykötet Nemzetközi Zenei Konferencia |
| Kulcsszavak: | Vántus István, Zeneszerzés - magyar - 20. sz. |
| Tárgyszavak: | |
| Online Access: | http://acta.bibl.u-szeged.hu/76728 |
| LEADER | 01014naa a2200229 i 4500 | ||
|---|---|---|---|
| 001 | acta76728 | ||
| 005 | 20260312143822.0 | ||
| 008 | 221015s2011 hu o 100 hun d | ||
| 020 | |a 978 963 9927 42 1 | ||
| 040 | |a SZTE Egyetemi Kiadványok Repozitórium |b hun | ||
| 041 | |a hun | ||
| 100 | 1 | |a Dombi Józsefné | |
| 245 | 1 | 0 | |a Vántus István művészetének holisztikus megközelítése |h [elektronikus dokumentum] / |c Dombi Józsefné |
| 260 | |a SZTE JGYPK Művészeti Intézet Ének-zene Tanszék |b Szeged |c 2011 | ||
| 300 | |a 24-29 | ||
| 490 | 0 | |a A Juhász Gyula Pedagógusképző Kar Ének-Zene Tanszékének kiadványai | |
| 490 | 0 | |a Chopin - Schumann - Erkel : tanulmánykötet | |
| 490 | 0 | |a Nemzetközi Zenei Konferencia | |
| 650 | 4 | |a Bölcsészettudományok | |
| 650 | 4 | |a Művészetek (művészetek, művészettörténet, előadóművészetek, zene) | |
| 695 | |a Vántus István, Zeneszerzés - magyar - 20. sz. | ||
| 856 | 4 | 0 | |u http://acta.bibl.u-szeged.hu/76728/1/enek_zene_tanszek_2011_024-029.pdf |z Dokumentum-elérés |